| 000 | 00437nam a2200193Ia 4500 | ||
|---|---|---|---|
| 005 | 20250603145530.0 | ||
| 008 | 250603s9999 xx 000 0 und d | ||
| 020 | _a9780205705030 | ||
| 050 | _aJA 71 .P623/ | ||
| 100 | _aRoskin, Michael | ||
| 245 | 0 | _aPolitical science : an introduction | |
| 250 | _a11th ed. | ||
| 260 | _aBoston | ||
| 260 | _bPearson | ||
| 260 | _c2010 | ||
| 300 | _a386 p | ||
| 650 | _aBoston | ||
| 942 | _cBK | ||
| 999 |
_c42136 _d42136 |
||